00554nam a2200169 a 450000500170000000800410001702000180005805000260007610000180010224500530012026000450017330000070021844000230022552000710024865000330031965000320035220140412111410.0070214s19uu xx 00 eng d a983-187-218-5 aTR(GS 428.4bM11 2004 aMah, May S.M. aPup in the mud & Bug in the mug /cMay S.M. Mah. aMalaysia :bRhythm publishing co,c2004. a24 aPhonics in reading aThe pre - reading practice introduces new words before the stories aPhonetics-- English language aReading -- English language